000 00447nam a2200145Ia 4500
003 OSt
005 20260122110622.0
008 211028s2015 xx 000 0 und d
040 _cAIMIT LIBRARY
041 _aeng
100 _aRaj S, Julie; James, Justin.
_g1316072
_97345
245 _aAnalysis of working capital management in Bharathi electronics limited (Bangalore complex) /
260 _aMangalore
_bJustin James.
_c2015
942 _2ddc
_cPRO
999 _c218915
_d218915